smallest us states by area - Statistics

General Stats
  • This quiz has been taken 26 times
  • The average score is 14 of 15
Answers on the Map
Answers color-coded by a green-red scale on the quiz's map according to % correct below.
 
Answer Stats
Answer % Correct
Delaware
95%
Hawaii
95%
Massachusetts
95%
New Jersey
95%
Rhode Island
95%
South Carolina
95%
Vermont
95%
West Virginia
95%
Maine
91%
Maryland
91%
New Hampshire
91%
Indiana
86%
Tennessee
86%
Connecticut
82%
Kentucky
82%
No matching quizzes found
Score Distribution
Percent of People with Each Score
Percentile by Number Answered
Your Score History
You have not taken this quiz